Oil, shrimp, mangroves : an evaluation of contingency planning of the Gulf of Guayaquil, Ecuador /

Bibliographic Details
Main Author: Pires Filho, Ivon d'Almeida
Format: Book
Language:English
Published: Woods Hole, Mass. : Woods Hole Oceanographic Institution, 1983.
Series:Woods Hole Oceanographic Institution (Series) ; no. 83-38.
Technical report (Woods Hole Oceanographic Institution)
Subjects:

MARC

Tag First Indicator Second Indicator Subfields
LEADER 00000cam a2200000Ia 4500
001 in00002003996
005 20151031142711.0
008 870903s1983 mau b 000 0 eng d
035 |a (OCoLC)ocm16638717 
040 |a DJB  |c DJB  |d UtOrBLW 
049 |a TXAM 
090 |a GC1  |b .W582 no.83-38 
100 1 |a Pires Filho, Ivon d'Almeida. 
245 1 0 |a Oil, shrimp, mangroves :  |b an evaluation of contingency planning of the Gulf of Guayaquil, Ecuador /  |c by Ivon d'Almeida Pires Filho. 
264 1 |a Woods Hole, Mass. :  |b Woods Hole Oceanographic Institution,  |c 1983. 
300 |a 105 pages ;  |c 28 cm. 
336 |a text  |b txt  |2 rdacontent 
337 |a unmediated  |b n  |2 rdamedia 
338 |a volume  |b nc  |2 rdacarrier 
490 1 |a WHOI ;  |v 83-38.  |a Technical report 
500 |a "October 1983." 
504 |a Bibliography: pages 71-79. 
536 |a Funding was provided by the Marine Policy and Ocean Management Program of Woods Hole Oceanography Institution with funds from the William H. Donner Foundation and the Pew Memorial Trust. 
650 0 |a Oil spills  |x Environmental aspects  |z Ecuador. 
650 0 |a Mangrove ecology  |z Ecuador. 
650 0 |a Oil pollution of rivers, harbors, etc.  |z Ecuador. 
830 0 |a Woods Hole Oceanographic Institution (Series) ;  |v no. 83-38. 
830 0 |a Technical report (Woods Hole Oceanographic Institution) 
948 |a cataloged  |b h  |c 2004/11/18  |d c  |e cmulkey  |f 12:29:45 pm 
994 |a C0  |b TXA 
999 |a MARS 
999 f f |s ce6b9caf-8237-3209-b8c6-b15620f08f8b  |i 9c3cfda3-9aeb-350e-9de3-00b31c620cd8  |t 0 
952 f f |p ric  |a Texas A&M University  |b Rellis Campus  |c Joint Library Facility  |d Remote Storage  |t 0  |e GC1 .W582 no.83-38  |h Library of Congress classification  |i unmediated -- volume  |m A14831601640 
998 f f |a GC1 .W582 no.83-38  |t 0  |l Remote Storage